| 000 | 00491cam a2200145 4500500 | ||
|---|---|---|---|
| 005 | 20251228083010.0 | ||
| 041 | _afre | ||
| 042 | _adc | ||
| 100 | 1 | 0 |
_aPicco, Dominique _eauthor |
| 245 | 0 | 0 | _aLa perception de l'éducation reçue à Saint-Cyr (1686-1719) |
| 260 | _c2011. | ||
| 500 | _a56 | ||
| 786 | 0 | _nDix-septième siècle | 249 | 4 | 2011-02-17 | p. 729-746 | 0012-4273 | |
| 856 | 4 | 1 | _uhttps://shs.cairn.info/revue-dix-septieme-siecle-2010-4-page-729?lang=fr&redirect-ssocas=7080 |
| 999 |
_c1600318 _d1600318 |
||